Derrumbar al musicstar : mercado laboral y formación profesional del músico en Bogotá /

Bibliographic Details
Main Authors: Niño Sanabria, Andrés Felipe (Author), Rivas Caicedo, Luz Dalila (Author)
Format: Electronic eBook
Language:Spanish
Published: Bogotá : Editorial Aula de Humanidades, 2024.
Edition:Primera edición.
Series:Educación y pedagogía (Editorial Aula de Humanidades). Serie Historia de la educación.
Subjects:
Online Access:Digitalia Hispánica

MARC

LEADER 00000nam a2200000 i 4500
001 DIGAUHUM0031
003 NyNyDIG
007 cr |||||||||||
008 250501s2024 ck ob 001 0 spa d
006 m o d
035 |a (OCoLC)1519503965 
040 |a DGITA  |b eng  |e rda  |e pn  |c DGITA 
020 |a 9786287700734  |q (versión digital) 
020 |z 9786287700727  |q (versión impresa) 
043 |a s-ck--- 
050 1 4 |a ML3795 ebook 
100 1 |a Niño Sanabria, Andrés Felipe,  |e author. 
245 1 0 |a Derrumbar al musicstar :  |b mercado laboral y formación profesional del músico en Bogotá /  |c Andrés Felipe Niño Sanabria, Luz Dalila Rivas Caicedo. 
250 |a Primera edición. 
264 1 |a Bogotá :  |b Editorial Aula de Humanidades,  |c 2024. 
300 |a 1 online resource. 
336 |a text  |b txt  |2 rdacontent 
337 |a computer  |b c  |2 rdamedia 
338 |a online resource  |b cr  |2 rdacarrier 
347 |a text file  |2 rdaft 
347 |b PDF 
490 1 |a Colección Educación y pedagogía. Serie Historia de la educación 
504 |a Includes bibliographical references and indexes. 
588 0 |a Online resource; title from PDF title page (Digitalia, viewed May 1, 2025) 
650 0 |a Musicians  |z Colombia  |z Bogotá  |x Economic conditions. 
650 0 |a Music  |x Study and teaching (Higher)  |z Colombia  |z Bogotá. 
650 0 |a Music  |x Labor productivity  |z Colombia  |z Bogotá. 
700 1 |a Rivas Caicedo, Luz Dalila,  |e author. 
791 2 |a Digitalia (Firm),  |e distributor. 
793 0 |g Digitalia eBook Collection:  |a Editorial Aula de Humanidades 
776 0 8 |i Print version:  |a Niño Sanabria, Andrés Felipe.  |t Derrumbar al musicstar.  |b Primera edición.  |d Bogotá : Editorial Aula de Humanidades, [2024]  |z 9786287700727 
830 0 |a Educación y pedagogía (Editorial Aula de Humanidades).  |p Serie Historia de la educación. 
856 4 0 |3 Digitalia Hispánica  |u https://www.digitaliapublishing.com/a/170619/ 
910 |a Premium collection: 2025